00849nam a2200265 4500003000400000005001700004008004100021020001800062040001800080050002300098100002100121245005100142264004200193300002500235336002200260337002400282338002400306500008700330650003700417650002500454650002400479650002300503650001400526655004300540OSt20260601193844.0260421b2009 NYUa|||| |||| 00| 0 eng d a9781599951683 aICIbspacICI aBF637.S8bM39 2009 1aMaxwell, John C. 1aHow successful people think /cJohn C. Maxwell bCenter Street,c2009aNashville, TN : a128 páginasc21 cm atexto2rdacontent asin medio2rdamedia avolumen2rdacarrier aLibro sobre desarrollo del pensamiento orientado al éxito personal y profesional aÉxitoxAspectos psicológicos aPensamiento creativo aDesarrollo personal aToma de decisiones aLiderazgo 2localaLibros de superación personal